000 01379ncm0a22003491 4500
001 RU\NLR\ONIZ\208623
005 20250624194929.0
035 _aRU\NLR\ONIZ\GALA\5000015513\20150203145751
035 _a(NLR Aleph) 010889498
090 _a10544469
_c10544469
100 _a20150203d1998 |||y0rusy50 ca
101 0 _arus
102 _aRU
125 _aax
200 1 _aДетский альбом
_bНоты
_dChildren's album
_e14 пьес для фп. Вячеслава Гайворонского и граф. цикл Сергея Волкова
_zeng
210 _aСанкт-Петербург
_cPRP
_d1998
215 _a33 с.
_cил.
_d29 см
606 1 _aМузыка для детей
_xФортепиано
_yРоссия
_z20 в.
_jНоты
_2nlr_sh
686 _aЩ985.42я44(2Р=Р)
_vLBC/SL
_2rubbk
700 1 _9z03790
_aГайворонский
_bВ. Б.
_f1947-
_gВячеслав Борисович
_4230
702 1 _9z02790
_aВолков
_bС.
_gСергей
_4040
790 1 _9z02702
_aVolkov
_bS.
_gSergej
_4040
790 1 _9z03700
_aGajvoronskij
_bV. B.
_f1947-
_gVyacheslav Borisovich
_4230
801 0 _aRU
_bNLR
_c20150203
_gPSBO
801 1 _aRU
_bNLR
_c20150203
_2rusmarc
801 2 _aRU
_bNLR
_c20151106
852 _aNLR
_bМ
_jК-3/26185
_p281457
_t1
852 _aNLR
_bМ
_jК-3/26185а
_p281458
_t2
942 _cSCORE
980 _aNB
980 _aONIZ